Hidden Neighbors of South Africa Quiz Stats

 Plays Quiz Updated Feb 27, 2020

Support Sporcle.
Go Orange.
Score 0/6 Timer 01:00
7 Plays Today
% Correct
Lesotho
92.8%
Botswana
91.2%
Namibia
90.3%
Eswatini
86.5%
Mozambique
78.2%
Zimbabwe
77%

From the Vault

Fabulous Historical Facial Hair

by bhenderson79

History 4m
These people are like the spokesmen for No-Shave November.
Remove Ads.
Support Sporcle.
Get the best of Sporcle when you Go Orange. This ad-free experience offers more features, more stats, and more fun while also helping to support Sporcle. Thank you for becoming a member.

Show Comments

Extras

Top Quizzes Today


Score Distribution

Your Account Isn't Verified!

In order to create a playlist on Sporcle, you need to verify the email address you used during registration. Go to your Sporcle Settings to finish the process.

Report this User

Report this user for behavior that violates our Community Guidelines.

Details: